PRACTICAL PHYSICAL PHARMACY (Record no. 7116)

MARC details
000 -LEADER
fixed length control field 00253nam a2200121Ia 4500
082 ## - DEWEY DECIMAL CLASSIFICATION NUMBER
Classification number 615.4
Item number P12G
100 ## - MAIN ENTRY--PERSONAL NAME
Personal name GAUD, R.S.
245 ## - TITLE STATEMENT
Title PRACTICAL PHYSICAL PHARMACY
260 ## - PUBLICATION, DISTRIBUTION, ETC. (IMPRINT)
Name of publisher, distributor, etc CBS- DELHI
300 ## - PAGE DESCRIPTION
No. of Pages 238
650 ## - SUBJECT ADDED ENTRY--TOPICAL TERM
Topical term or geographic name as entry element PAHRMACY
942 ## - ADDED ENTRY ELEMENTS (KOHA)
Source of classification or shelving scheme Dewey Decimal Classification
Koha item type Books
942 ## - ADDED ENTRY ELEMENTS (KOHA)
-- 23
Holdings
Withdrawn status Lost status Source of classification or shelving scheme Damaged status Not for loan Collection code Home library Current library Date acquired Vendor Name Cost, normal purchase price SGTU Bill Number Total Checkouts Full call number Accession No. (Barcode) Date last seen Date last borrowed Bill Date Koha item type Shelving location Total Renewals
    Dewey Decimal Classification     PHARMACY SGT FA-FP Library SGT FA-FP Library 02/07/2015 ABC DELHI 280.00 SGTU 492 19 615.4 P12G FP431 21/01/2026 09/01/2026 24/11/2014 Books    
    Dewey Decimal Classification     PHARMACY SGT FA-FP Library SGT FA-FP Library 02/07/2015 ABC DELHI 280.00 SGTU 492 15 615.4 P12G FP432 28/09/2022 28/09/2022 24/11/2014 Books    
    Dewey Decimal Classification     PHARMACY SGT FA-FP Library SGT FA-FP Library 02/07/2015 ABC DELHI 280.00 SGTU 492 10 615.4 P12G FP433 10/09/2024 25/07/2024 24/11/2014 Books Reference Book  
    Dewey Decimal Classification     PHARMACY SGT FA-FP Library SGT FA-FP Library 02/07/2015 ABC DELHI 280.00 SGTU 492 12 615.4 P12G FP434 06/01/2026 06/11/2025 24/11/2014 Books   1
    Dewey Decimal Classification     PHARMACY SGT FA-FP Library SGT FA-FP Library 02/07/2015 ABC DELHI 280.00 SGTU 492 3 615.4 P12G FP435 13/04/2022 13/04/2022 24/11/2014 Books